[Event "GER-chT U18 Girls"]
[Site "Karlsruhe"]
[Date "2015.05.10"]
[Round "7.3"]
[White "Platonova, Elisaveta"]
[Black "Buchheim, Luise"]
[Result "0-1"]
[WhiteElo "911"]
[BlackElo "1112"]
[PlyCount "150"]
[EventDate "2015.05.07"]
[EventType "team-swiss"]
[EventRounds "7"]
[EventCountry "GER"]
[SourceTitle "EXT 2017"]
[Source "ChessBase"]
[SourceDate "2016.10.25"]
[SourceVersion "1"]
[SourceVersionDate "2016.10.25"]
[SourceQuality "1"]
[WhiteTeam "Karlsruhe GG (W)"]
[BlackTeam "Koethen Ludwigs (W)"]
[WhiteTeamCountry "GER"]
[BlackTeamCountry "GER"]

1. e4 e5 2. Nf3 Nc6 3. Bc4 Nf6 4. Nc3 Bc5 5. 0-0 d6 6. d3 Bg4 7. h3 Be6 8. Bxe6 fxe6 9. Be3 Bb6 10. Ng5 Qd7 11. a3 0-0 12. Bxb6 axb6 13. Nb5 Rfe8 14. c4 h6 15. Nf3 Red8 16. Nc3 Qf7 17. Re1 Nh5 18. d4 exd4 19. Nxd4 e5 20. Nf5 Nf4 21. Nd5 Kh7 22. Nxf4 exf4 23. Qf3 Qxc4 24. Qxf4 Nd4 25. Qg4 Nxf5 26. Qxf5+ g6 27. Qf3 Rf8 28. Rac1 Rxf3 29. Rxc4 Rf7 30. e5 dxe5 31. Rxe5 Rd8 32. Rc1 Rdd7 33. Rce1 Kg7 34. g3 Kf6 35. Re6+ Kg7 36. g4 Kh7 37. h4 Kg7 38. R1e5 Kh7 39. g5 hxg5 40. Rxg5 Rg7 41. h5 gxh5 42. Ree5 Rxg5+ 43. Rxg5 Rg7 44. Rg2 Rxg2+ 45. Kxg2 Kg6 46. f4 h4 47. Kh3 Kf5 48. Kxh4 Kxf4 49. b4 Ke5 50. Kg3 Kd4 51. Kf4 c5 52. b5 c4 53. Kf5 Kc5 54. Ke4 Kxb5 55. Kd4 c3 56. Kxc3 Ka4 57. Kc4 b5+ 58. Kc3 Kxa3 59. Kc2 b4 60. Kb1 Kb3 61. Ka1 Kc2 62. Ka2 b3+ 63. Ka3 b2 64. Kb4 b1Q+ 65. Kc5 b5 66. Kd4 b4 67. Kc5 b3 68. Kd4 b2 69. Kc4 Qd1 70. Kb4 b1R+ 71. Kc4 Qd3+ 72. Kc5 Rc1 73. Kc6 Kd2+ 74. Kb6 Qb3+ 75. Ka5 Ra1# 0-1

[Event "GER-chT U18 Girls"]
[Site "Karlsruhe"]
[Date "2015.05.09"]
[Round "6.2"]
[White "Platonova, Elisaveta"]
[Black "Ignatova, Nadja"]
[Result "0-1"]
[WhiteElo "911"]
[BlackElo "1180"]
[PlyCount "104"]
[EventDate "2015.05.07"]
[EventType "team-swiss"]
[EventRounds "7"]
[EventCountry "GER"]
[SourceTitle "EXT 2017"]
[Source "ChessBase"]
[SourceDate "2016.10.25"]
[SourceVersion "1"]
[SourceVersionDate "2016.10.25"]
[SourceQuality "1"]
[WhiteTeam "Karlsruhe GG (W)"]
[BlackTeam "Kant Gymn (W)"]
[WhiteTeamCountry "GER"]
[BlackTeamCountry "GER"]

1. e4 e5 2. Nf3 Nc6 3. Bc4 Bc5 4. c3 d6 5. d4 exd4 6. cxd4 Bb4+ 7. Bd2 Bg4 8. h3 Bh5 9. a3 Ba5 10. b4 Bb6 11. Be2 Bxf3 12. Bxf3 Bxd4 13. Bc3 Bf6 14. 0-0 Ne5 15. Ra2 Ne7 16. Nd2 0-0 17. Nb3 N7g6 18. Bxe5 Nxe5 19. Rc2 Rc8 20. Bg4 Nxg4 21. Qxg4 Re8 22. Re2 d5 23. Nc5 dxe4 24. Nxe4 Be5 25. Rd2 Qe7 26. Rd7 Qf8 27. Nc5 b6 28. Ne4 f5 29. Qf3 fxe4 30. Qxe4 Bh2+ 31. Kxh2 Rxe4 32. f3 Qf4+ 33. Kh1 Re2 34. Rg1 Rce8 35. Rdd1 Qg3 36. Rc1 Re1 37. Rcxe1 Rxe1 38. a4 Rxg1+ 39. Kxg1 Qe1+ 40. Kh2 Qxb4 41. a5 Qxa5 42. h4 c5 43. g4 c4 44. g5 c3 45. h5 Qxg5 46. Kh3 c2 47. f4 Qxh5+ 48. Kg3 c1Q 49. Kf2 Qh3 50. f5 Qd2+ 51. Kg1 Qa3 52. f6 Qac1# 0-1

[Event "GER-chT U18 Girls"]
[Site "Karlsruhe"]
[Date "2015.05.08"]
[Round "2.2"]
[White "Gramova, Tania"]
[Black "Platonova, Elisaveta"]
[Result "0-1"]
[WhiteElo "822"]
[BlackElo "911"]
[PlyCount "34"]
[EventDate "2015.05.07"]
[EventType "team-swiss"]
[EventRounds "7"]
[EventCountry "GER"]
[SourceTitle "EXT 2017"]
[Source "ChessBase"]
[SourceDate "2016.10.25"]
[SourceVersion "1"]
[SourceVersionDate "2016.10.25"]
[SourceQuality "1"]
[WhiteTeam "Dresden Man Gymn (W)"]
[BlackTeam "Karlsruhe GG (W)"]
[WhiteTeamCountry "GER"]
[BlackTeamCountry "GER"]

1. e4 e5 2. Nf3 Nc6 3. Bc4 Bc5 4. d3 Nf6 5. Bg5 h6 6. Be3 Bxe3 7. fxe3 0-0 8. d4 exd4 9. exd4 Nxe4 10. Bd5 Nf6 11. Nc3 Qe8+ 12. Kf1 d6 13. Nb5 Nxd5 14. c4 Ne3+ 15. Kg1 Nxd1 16. Nxc7 Qe3+ 17. Kf1 Qf2# 0-1

[Event "GER-chT U20 Girls"]
[Site "Naumburg Saale"]
[Date "2014.12.27"]
[Round "1.4"]
[White "Manusina, Nicole"]
[Black "Platonova, Elisaveta"]
[Result "1-0"]
[WhiteElo "1881"]
[BlackElo "916"]
[PlyCount "127"]
[EventDate "2014.12.27"]
[EventType "team-swiss"]
[EventRounds "7"]
[EventCountry "GER"]
[SourceTitle "EXT 2016"]
[Source "ChessBase"]
[SourceDate "2015.10.08"]
[SourceVersion "1"]
[SourceVersionDate "2015.10.08"]
[SourceQuality "1"]
[WhiteTeam "Lehrte"]
[BlackTeam "Karlsruhe"]
[WhiteTeamCountry "GER"]
[BlackTeamCountry "GER"]

1. d4 d5 2. c4 e6 3. Nc3 Nf6 4. Bg5 Be7 5. e3 0-0 6. Nf3 b6 7. Bd3 Bb7 8. 0-0 Nbd7 9. Rc1 Rc8 10. Qe2 h6 11. Bh4 c5 12. cxd5 exd5 13. Rfd1 Re8 14. Ba6 Qc7 15. Bg3 Qc6 16. Bxb7 Qxb7 17. h3 Nb8 18. Qd3 Qa6 19. dxc5 Qxd3 20. Rxd3 bxc5 21. Nxd5 Nxd5 22. Rxd5 Na6 23. Rd7 Ra8 24. Bd6 Bxd6 25. Rxd6 Nb4 26. a3 Re6 27. Rxe6 fxe6 28. axb4 cxb4 29. Rc6 Kf7 30. Nd4 e5 31. Rc7+ Kf6 32. Nc6 a5 33. f4 e4 34. Rb7 Ke6 35. Rb5 Kd6 36. Rxa5 Rxa5 37. Nxa5 Kc5 38. b3 Kb5 39. Nc4 Kc6 40. g4 Kd7 41. Nd2 Ke6 42. Nxe4 Kd5 43. Nd2 Ke6 44. Kf2 Kf6 45. Kf3 Kg6 46. Ke4 h5 47. Kd4 hxg4 48. hxg4 Kf6 49. Kc4 g5 50. Ne4+ Ke6 51. Nxg5+ Kd6 52. Kxb4 Kd5 53. e4+ Kd4 54. e5 Ke3 55. e6 Kxf4 56. e7 Kxg5 57. e8Q Kxg4 58. Qf7 Kg5 59. Kc4 Kh6 60. Qg8 Kh5 61. Kd4 Kh6 62. Ke4 Kh5 63. Kf5 Kh4 64. Qg4# 1-0